Linear control systems
This book was written for the express purpose of helping students understand and use the basic principles and concepts underlying feedback control systems.
Guardado en:
| Autor principal: | |
|---|---|
| Formato: | Libro |
| Lenguaje: | Undetermined |
| Publicado: |
Scranton
International Textbook Co.
1963
|
| Materias: | |
| Etiquetas: |
Agregar Etiqueta
Sin Etiquetas, Sea el primero en etiquetar este registro!
|
| Thư viện lưu trữ: | Trung tâm Học liệu Trường Đại học Cần Thơ |
|---|
| LEADER | 00702nam a2200193Ia 4500 | ||
|---|---|---|---|
| 001 | CTU_14666 | ||
| 008 | 210402s9999 xx 000 0 und d | ||
| 082 | |a 629.83 | ||
| 082 | |b B233 | ||
| 100 | |a Barbe, Edwin C. | ||
| 245 | 0 | |a Linear control systems | |
| 245 | 0 | |c Edwin C. Barbe | |
| 260 | |a Scranton | ||
| 260 | |b International Textbook Co. | ||
| 260 | |c 1963 | ||
| 520 | |a This book was written for the express purpose of helping students understand and use the basic principles and concepts underlying feedback control systems. | ||
| 650 | |a Feedback control systems,Hệ thống kiểm soát phản hồi | ||
| 904 | |i Giang | ||
| 980 | |a Trung tâm Học liệu Trường Đại học Cần Thơ | ||